Classification phylogénétique de l'espèce humaine - Statistiques

Statistiques générales
  • Ce quiz a été pris 7 637 fois
  • Le résultat moyen est 5 sur 8
Statistiques - réponses
Rang Réponse % Correct
Espèce H. sapiens
81%
Genre Homo
81%
Règne Animalia
77%
Classe Mammalia
75%
Ordre Primates
50%
Phylum Chordata
46%
Famille Hominidae
39%
Domaine Eukaryota
27%
Aucun quiz correspondant
Distribution des résultats
% des personnes avec chaque résultat
Percentile par nombre de réponses
Votre historique - résultats
Vous n’avez pas pris ce quiz